000 00520nam a22001697a 4500
005 20251108171030.0
008 250721s1995 xx 000 0 ara d
082 1 4 _a616.97/طما
100 1 _aطمان، أحمد محمد
245 1 0 _aالإلتهابات الأيدز - الفلس - سرطان الجلد /
264 1 _aبيروت :
_bدار العربية للعلوم،
_c1995.
300 _a255ص
650 1 7 _aالأمراض المناعة
650 1 7 _aالأيدز
942 _2ddc
_cBK
999 _c54855
_d54855